Tâm hồn và tiếng hát Mèo (Trong xã hội cũ) /

Spremljeno u:
Bibliografski detalji
Glavni autor: Chế Lan Viên.
Format: Članak
Jezik:Vietnamese
Teme:
Oznake: Dodaj oznaku
Bez oznaka, Budi prvi tko označuje ovaj zapis!
Thư viện lưu trữ: Thư viện Trường Đại học Đà Lạt
LEADER 00749nam a2200265 4500
001 DLU090068276
005 ##20090425
040 # # |a DLU  |b vie 
041 # # |a vie 
044 # # |a vn 
100 # # |a Chế Lan Viên. 
245 # # |a Tâm hồn và tiếng hát Mèo (Trong xã hội cũ) /  |c Chế Lan Viên.  
653 # # |a Dân tộcHmông  
653 # # |a Thơ trữ tình 
653 # # |a Văn nghệ dân gian 
773 # # |t Tạp chí văn học  |g Số6, 1979, tr.1-16 
920 # # |a Phòng Tạp chí -- Trung tâm Thông tin - Thư viện Trường Đại học Đà Lạt 
994 # # |a DLU 
900 # # |a True 
911 # # |a Nguyễn Thị Linh Chi 
925 # # |a G 
926 # # |a A 
927 # # |a BB 
980 # # |a Thư viện Trường Đại học Đà Lạt